Numerical methods for engineers,with software and programming applications (Record no. 583348)
[ view plain ]
| 000 -LEADER | |
|---|---|
| fixed length control field | 00690nam a22002057a 4500 |
| 003 - CONTROL NUMBER IDENTIFIER | |
| control field | CEME |
| 005 - DATE AND TIME OF LATEST TRANSACTION | |
| control field | 20210628210125.0 |
| 008 - FIXED-LENGTH DATA ELEMENTS--GENERAL INFORMATION | |
| fixed length control field | 210120b xxu||||| |||| 00| 0 eng d |
| 020 ## - INTERNATIONAL STANDARD BOOK NUMBER | |
| International Standard Book Number | 0-07-243193-8 |
| 040 ## - CATALOGING SOURCE | |
| Transcribing agency | ceme |
| 082 ## - DEWEY DECIMAL CLASSIFICATION NUMBER | |
| Classification number | 519.402462 CHA |
| 100 ## - MAIN ENTRY--PERSONAL NAME | |
| Personal name | Canale, Raymond P |
| 9 (RLIN) | 136 |
| 245 ## - TITLE STATEMENT | |
| Title | Numerical methods for engineers,with software and programming applications |
| 250 ## - EDITION STATEMENT | |
| Edition statement | 4TH |
| 260 ## - PUBLICATION, DISTRIBUTION, ETC. | |
| Place of publication, distribution, etc. | NEW DELHI |
| Name of publisher, distributor, etc. | TATA MCGRAW HILL |
| Date of publication, distribution, etc. | 2002 |
| 300 ## - PHYSICAL DESCRIPTION | |
| Extent | XVIII,926P |
| 650 ## - SUBJECT ADDED ENTRY--TOPICAL TERM | |
| Topical term or geographic name entry element | ENGINEERING MATHEMATICS-DATA PROCESSING, NUMERICAL CALCULATION- DATA PROCESSING, MICROCOMPUTERS PROGRAMMING.NUMERICAL METHODS FOR ENGINEERS |
| 9 (RLIN) | 78186 |
| 700 ## - ADDED ENTRY--PERSONAL NAME | |
| Personal name | Chapra, Steven C |
| 9 (RLIN) | 132 |
| 942 ## - ADDED ENTRY ELEMENTS (KOHA) | |
| Koha item type | Book |
| Source of classification or shelving scheme | |
| Withdrawn status | Lost status | Damaged status | Not for loan | Permanent Location | Current Location | Shelving location | Date acquired | Total Checkouts | Full call number | Barcode | Date last seen | Price effective from | Koha item type |
|---|---|---|---|---|---|---|---|---|---|---|---|---|---|
| College of Electrical & Mechanical Engineering (CEME) | College of Electrical & Mechanical Engineering (CEME) | General Stacks | 02/27/2017 | 519.402462 CHA | CEME-40170 | 06/28/2021 | 06/28/2021 | Book | |||||
| College of Electrical & Mechanical Engineering (CEME) | College of Electrical & Mechanical Engineering (CEME) | General Stacks | 03/28/2017 | 519.402462 CHA | CEME-41119 | 06/28/2021 | 06/28/2021 | Book | |||||
| College of Electrical & Mechanical Engineering (CEME) | College of Electrical & Mechanical Engineering (CEME) | General Stacks | 03/28/2017 | 519.402462 CHA | CEME-41120 | 06/28/2021 | 06/28/2021 | Book | |||||
| College of Electrical & Mechanical Engineering (CEME) | College of Electrical & Mechanical Engineering (CEME) | General Stacks | 03/28/2017 | 519.402462 CHA | CEME-40270 | 06/28/2021 | 06/28/2021 | Book |
